Football Teams Stevan Jovetić Played For - Statistics

General Stats
  • This quiz has been taken 12 times
  • The average score is 5 of 8
Answer Stats
League Years Team % Correct
England 2013-2015 Manchester City
90%
France 2017-2021 AS Monaco
80%
Italy 2015-2017 Inter
80%
Italy 2008-2013 ACF Fiorentina
70%
Germany 2021-2023 Hertha BSC
70%
Serbia 2006-2008 FK Partizan Belgrade
60%
Greece 2023- Olympiacos FC
60%
Spain 2017 Sevilla FC
30%
No matching quizzes found
Score Distribution
Percent of People with Each Score
Percentile by Number Answered
Your Score History
You have not taken this quiz